Contemporary issues in public accountability and audit/ (Record no. 192407)

MARC details
000 -LEADER
fixed length control field 00687nam a22002057a 4500
005 - DATE AND TIME OF LATEST TRANSACTION
control field 20221004145622.0
010 ## - LCCN (DPL NO)
LC control number ENG-135153
020 ## - INTERNATIONAL STANDARD BOOK NUMBER
International Standard Book Number 9788131316399
Terms of availability 600.00
035 ## - SYSTEM CONTROL NUMBER
System control number EN-118685
037 ## - SOURCE OF ACQUISITION
Source of stock number/acquisition DBAD/PUB
082 ## - DEWEY DECIMAL CLASSIFICATION NUMBER
Classification number 657.835
245 ## - TITLE STATEMENT
Title Contemporary issues in public accountability and audit/
Statement of responsibility, etc Edited by M.M. Mathur, Dharam Vir [and] T. Sethumadhavan
260 ## - PUBLICATION, DISTRIBUTION, ETC. (IMPRINT)
Place of publication, distribution, etc New Delhi
Name of publisher, distributor, etc APH Publishing
270 ## - ADDRESS
Address 4435-36/7 Ansari road,Daryaganj
City New Delhi
Postal code 110002
Telephone number 011-23274050
Electronic mail address aphbooks@gmail.com
300 ## - PHYSICAL DESCRIPTION
Extent xii,270p.
Dimensions 21cm.(hb)
700 ## - ADDED ENTRY--PERSONAL NAME
Personal name Mathur, M.M.
700 ## - ADDED ENTRY--PERSONAL NAME
Personal name Vir, Dharam
700 ## - ADDED ENTRY--PERSONAL NAME
Personal name T. Sethumadhavan
942 ## - ADDED ENTRY ELEMENTS (KOHA)
Item type English Books
Source of classification or shelving scheme Dewey Decimal Classification
Classification part 657.835
Call number suffix CON
Holdings
Withdrawn status Lost status Not for loan Collection code Home library Current library Date acquired Source of acquisition Cost, normal purchase price Full call number Barcode Copy number Cost, replacement price Koha item type
      Non-fiction Bawana Bawana 21/09/2022 DBAD/PUB 600.00 657.835 CON EN-118685 1 600.00 English Books

© Delhi Public Library
Hit Counter
free hit counter